Responses for show #1888 - Wednesday, November 18, 1992

1992 Tournament of Champions semifinal game 3.

Contestants

[<< previous game]

India Cooper, an actor and copy editor originally from Denver, Colorado

Kirk Ditzler, a doctoral student from Houston, Texas

Bruce Simmons, a graduate student from Minneapolis, Minnesota

[next game >>]

Jeopardy! Round responses

THE CENSUS
NAPOLEONS
JAPAN
NATURE
1960s SITCOMS
BIBLICAL QUOTES
    $100 24
Computer

India
    $100 14
Louis Napoleon

India
    $100 17
Mt. Fuji

Bruce
    $100 8
Garter Snake

Bruce
    $100 1
Green Acres

India
    $100 2
Sheep's Clothing

Bruce
    $200 25
Indians

Bruce
    $200 18
Aaron Burr

India
    $200 19
Shinto

India
    $200 9
Roll up into a ball

Bruce
    $200 3
"Bewitched"

India
    $200 4
Joseph

Bruce
    $300 26
1990

Bruce
    $300 21
Slavery

Bruce
    $300 20
Baseball

Bruce
    $300 10
Saguaro

Kirk
    $300 5
KAOS

Bruce
    $300 12
His own soul

Bruce
    $400 27
Commerce

Bruce
    $400 22
Douglas MacArthur

Bruce
    $400 29
Tatami

Triple Stumper
    $400 11
mosses

India
    $400 6
Granny

Bruce
    $400 15
(India: Who was Judas?)
...
(Alex: It is a well-known quote and many people make the mistake; it was said to [*].)

Peter

India
Triple Stumper
    $500 28
the population center of the U.S.

Bruce
    $500 23
King Kamehameha

Kirk
    $500 30
Okinawa

Kirk
    $500 13
Algae

Kirk
    $500 7
Dentist

Kirk
    $500 16
(India: Who are the Israelites? ...the other one?!)

Philistines

India

Scores at the first commercial break (after clue 15):

Bruce Kirk India
$1,600 $1,300 $400

Scores at the end of the Jeopardy! Round:

Bruce Kirk India
$4,100 $2,300 $400

Double Jeopardy! Round responses

THE SENSES
JAZZ
AMERICAN LITERATURE
THE DECLARATION OF INDEPENDENCE
BODIES OF WATER
A"R"TISTS
    $200 23
Smell

Bruce
    $200 26
Count Basie

Bruce
    $200 1
James Fenimore Cooper

Kirk
    $200 11
Fort Knox

Kirk
    $200 18
The Nile

Bruce
    $200 6
Auguste Rodin

Bruce
    $400 24
Touch

Bruce
    $400 27
(India: What is the Apollo?)

Cotton Club

BruceIndia
    $400 2
"Walden"

Bruce
    $400 12
Independence Hall (or the Old State House)

Bruce
    $400 19
Caribbean Sea

Bruce
    $400 9
Diego Rivera

India
    $600 25
Cerebral Cortex

Bruce
    $600 28
Miles Davis

Triple Stumper
    $600 3
Herman Melville

Kirk
    $600 14
George III

Bruce
    $600 20
Adriatic Sea

Kirk
    $600 10
(Bruce: Who is Rembrandt?)

Raphael

BruceKirk
    $800 16
(Bruce: What is sight?)
(Kirk: What is smell?)

hearing

BruceKirk
Triple Stumper
    $800 29
"Lady Day"

India
    $800 4
Washington Irving

India
    $800 13
Virginia

India
    $800 21
(Kirk: What is Grand Coulee Dam?)

the Columbia River

BruceKirk
    $800 7
Peter Paul Rubens

Bruce
    $1,000 17
(Bruce: What is touch?)

balance itself

Bruce
    $1000 30
Charlie Parker

Kirk
    $1000 5
"Spoon River Anthology"

India
    $2,500 15
(Alex: Someone has studied the Declaration of Independence or knows his American history very well!)

John Locke

Bruce
    $1000 22
Prudhoe Bay

Bruce
    $1000 8
Joshua Reynolds

India

Scores at the end of the Double Jeopardy! Round:

Bruce Kirk India
$10,800 $3,900 $4,800
(lock game)

[wagering suggestions for these scores]

Final Jeopardy! Round responses

WORLD DRAMA
KirkWho is Electra?
$3,100
IndiaWho is Electra?
$4,799
BruceWho is?
$0
Electra

Final scores:

Bruce Kirk India
$10,800 $7,000 $9,599
Finalist 3rd place: $5,000 + Jeopardy!/Wheel of Fortune video games for Super NES/Sega Genesis + Jeopardy! Challenge book 2nd place: $5,000 + Jeopardy!/Wheel of Fortune video games for Super NES/Sega Genesis + Jeopardy! Challenge book

Game dynamics:

Coryat scores:

Bruce Kirk India
$10,300 $3,900 $5,300
30 R
(including 1 DD),
3 W
(including 1 DD)
11 R,
2 W
13 R,
3 W
(including 1 DD)

Combined Coryat: $19,500

The J! Archive is created by fans, for fans. The Jeopardy! game show and all elements thereof, including but not limited to copyright and trademark thereto, are the property of Jeopardy Productions, Inc. and are protected under law. This website is not affiliated with, sponsored by, or operated by Jeopardy Productions, Inc. Join the discussion at JBoard.tv.